Quality assurance guidelines for environmental measurements /

Bibliographic Details
Corporate Author: United States. Bureau of Reclamation. QA/QC Implementation Work Group
Format: Government Document Book
Language:English
Published: [Washington, D.C.?] : U.S. Dept. of the Interior, Bureau of Reclamation, 1998.
Edition:Rev. Aug. 1998.
Subjects:

MARC

Tag First Indicator Second Indicator Subfields
LEADER 00000cam a2200000 a 4500
001 in00000001577
005 20151007050500.0
008 981104s1998 dcua f f000 0 eng d
035 |a (OCoLC)40233818 
035 |9 AJB6560AM 
040 |a GPO  |c GPO  |d DLC  |d MvI  |d UtOrBLW 
043 |a n-us--- 
049 |a UDOC 
074 |a 0660-B 
086 0 |a I 27.19/2:Q 2/2 
245 0 0 |a Quality assurance guidelines for environmental measurements /  |c prepared by QA/QC Implementation Work Group, 1994. 
250 |a Rev. Aug. 1998. 
264 1 |a [Washington, D.C.?] :  |b U.S. Dept. of the Interior, Bureau of Reclamation,  |c 1998. 
300 |a xvii, 90 pages :  |b illustrations ;  |c 28 cm. 
336 |a text  |b txt  |2 rdacontent 
337 |a unmediated  |b n  |2 rdamedia 
338 |a volume  |b nc  |2 rdacarrier 
500 |a Shipping list number: 98-0374-P. 
504 |a Includes bibliographical references. 
650 0 |a Pollution  |z United States  |x Measurement  |x Handbooks, manuals, etc. 
650 0 |a Quality assurance  |z United States  |x Handbooks, manuals, etc. 
650 0 |a Environmental laboratories  |z United States  |x Quality control  |x Handbooks, manuals, etc. 
710 1 |a United States.  |b Bureau of Reclamation.  |b QA/QC Implementation Work Group. 
999 |a MARS 
999 f f |s 9ec5824e-f650-3fad-a208-3637c767ee59  |i 49dbf203-912d-3e4b-b578-46546eed10b2  |t 0 
952 f f |p normal  |a Texas A&M University  |b College Station  |c Sterling C. Evans Library  |d Evans: US Documents (Annex 5th floor)  |t 0  |e I 27.19/2:Q 2/2  |h Superintendent of Documents classification  |i unmediated -- volume  |m A14824392337 
998 f f |a I 27.19/2:Q 2/2  |t 0  |l Evans: US Documents (Annex 5th floor)